000 00850nam a2200277Ia 4500
005 20260324113006.0
008 008 260324s9999 xx 000 0 eng d
020 _a9788743804208
037 _aEBOOK
040 _aCRL
040 _beng
040 _cCRL
041 _2eng
041 _aeng
084 _qCRL
100 _aSharlotte L. B. Kramer; Johan Hoefnagels; Piyush Thakre; Emily Retzlaff
_91144981
245 0 _aAdditive and Advanced Manufacturing, Inverse Problem Methodologies and Machine Learning and Data Science, Volume 4
245 0 _bProceedings of the 2023 Annual Conference on Experimental and Applied Mechanics
260 _bTaylor and Francis
260 _c2024
365 _a
856 _uhttp://www.taylorfrancis.com/books/9788743804208
942 _cEBOOK
999 _c1734392
_d1734392